[Event "Dortmund SuperGM 24th"]
[Site "Dortmund"]
[Date "1996.07.08"]
[Round "4"]
[White "Polgar, Judit"]
[Black "Topalov, Veselin"]
[Result "1-0"]
[WhiteElo "2665"]
[BlackElo "2750"]
[Annotator "Bangiev,A"]
[PlyCount "71"]
[EventDate "1996.07.05"]
[EventType "tourn"]
[EventRounds "9"]
[EventCountry "GER"]
[EventCategory "18"]
[SourceTitle "CBM 054"]
[Source "ChessBase"]
[SourceDate "1996.10.01"]
[SourceVersion "1"]
[SourceVersionDate "1996.10.01"]
[SourceQuality "1"]

1. e4 {Horvath,T Ftacnik Konikowski,J} c5 2. Nc3 {Topalow gilt als einer der
besten Kenner der Sizilianischen Verteidigung; deshalb wollte Judit wohl die
Hauptvarianten nach 2.Nf3 vermeiden. Interessanterweise spielt der Bulgare
selbst ab und zu den Textzug.} Nc6 3. f4 g6 4. Nf3 Bg7 5. Bb5 {Jetzt wirken
die weißen Figuren, die auf den Punkt e5 zielen, optimal zusammen. Manche
Spieler hegen Vorliebe für den Zug} (5. Bc4 {Konikowski,J z.B.} e6 6. d3 Nge7
7. O-O d6 8. Qe1 h6 9. Bb3 Nd4 (9... a6 10. e5 Nf5 11. Kh1 Nfd4 12. Ne4 Nxf3
13. Rxf3 dxe5 14. fxe5 Nxe5 15. Rf1 g5 16. Qg3 O-O 17. Bxg5 $5 hxg5 18. Nxg5
Ng6 19. Rae1 Qe7 20. Rf5 $1 {mit sehr kompliziertem Spiel; Anand-Gelfand, Wijk
aan Zee 1996}) 10. Nxd4 cxd4 11. Ne2 O-O 12. Kh1 f5 13. Ng1 Kh8 14. Nf3 Bd7 15.
Bd2 Rc8 16. Qg3 fxe4 17. dxe4 d5 18. exd5 {mit weißem Vorteil (Topalow-van
Wely, Wijk aan Zee 1996).}) 5... Nd4 {Mit diesem Zug vermeidet Schwarz, daß
ihm auf der c-Linie ein Doppelbauer zugefügt wird.} 6. Bd3 d6 7. Nxd4 cxd4 8.
Ne2 {Der Abtausch auf d4 hat neue strategische Elemente in die Stellung
gebracht. Der schwarze Vorposten d4 (Bauer auf d4) übt auf die weiße Stellung
einen starken Druck aus; aber der Bauer auf d4 ist auch verwunbar und wird oft
zum Objekt eines Angriff.} Nf6 9. O-O (9. c3 {Ftacnik} dxc3 10. dxc3 O-O 11.
O-O b5 12. Ng3 a5 13. a3 Bd7 14. Qe2 Qb8 15. Bd2 Bc6 16. Rad1 Nd7 17. Rf2 {
1/2-1/2 Campora,D-Jukic,M/Bern/1989/}) 9... O-O 10. Qe1 $5 {/\11.Qf2->Pd4
Natürlich geht nicht} (10. c3 $6 e5 (10... dxc3 11. bxc3 b6 $1 (11... Qa5) 12.
Bc2 Bb7 13. d3 Qc7 14. Kh1 Rac8 {0-1 Hodgson,JM-Petursson,M/Reykjavik 1989 (33)
} (14... Rac8 {Ftacnik} 15. f5 $2 d5 $3 $17 16. Bf4 Qc6 $1 17. Ba4 b5 18. Nd4
Qc5 $1 19. e5 bxa4 20. exf6 Bxf6 21. fxg6 hxg6 {0-1 Hodgson,J-Petursson,M/
Reykjavik/1989/ (33)})) 11. cxd4 exd4 12. b3 (12. b4 Re8 13. Ng3 h5 14. f5 h4
15. Ne2 g5 16. Bc2 d3 17. Bxd3 Nxe4 18. Bxe4 Bxa1 {0-1 Friis,C-Kristensen,J/
DEN-chB (06) 1992 (29)}) 12... Re8 13. Ng3 h5 14. f5 h4 15. Ne2 Nxe4 16. Bxe4
Rxe4 17. d3 Re5 18. fxg6 Bg4 {0-1 Basman,M-Adorjan,A/London 1975 (36)}) (10.
Nxd4 $2 Qb6 11. c3 e5) 10... Nd7 {/\11...Nc5} (10... e5 11. b3 Re8 12. Bb2 $14)
11. Bc4 $5 {/\12.d3} (11. Qf2 $142 {Horvath,T}) 11... d5 $5 {Der aktive Plan
im Kampf um die Zentrumsfelder.} (11... Qc7 12. d3 Nb6 13. Bb3 Be6 $5 {[%csl
Rc2]} 14. c3 (14. f5 $6 Bxb3 15. cxb3 Qc2 $5 $132 16. Bg5 $6 Qxd3 17. Nc1 Qc2
18. Bxe7 Rfe8 $15) (14. Bxe6 fxe6 15. c4 dxc3 16. bxc3 Rac8 17. Bd2 e5 $132 (
17... Na4 $132)) (14. c4 f5 $5 $132 (14... dxc3 {->14.c3}) 15. c5 $6 Bxb3 16.
cxb6 $6 axb6 $17) 14... dxc3 15. bxc3 (15. Nxc3 Bxb3 16. axb3 Qc5+ 17. Be3 Qb4
$36) 15... Rac8 16. Bd2 Bd7 (16... Bg4 $6 17. Nd4 (17. Rc1 d5 $5 $36)) 17. Qf2
$13) 12. exd5 (12. Bxd5 {Ftacnik} Nf6 13. Ng3 (13. Bb3 {Horvath,T} Nxe4 14. d3
Nd6 $15) 13... Nxd5 14. exd5 d3 $13) 12... Nb6 $5 13. d3 (13. Bb3 d3 $5 (13...
a5 {Ftacnik} 14. a4 Nxd5 15. d3 e6 16. Kh1 b6 17. Ng3 f5 18. Ne2 Qd6 19. Ng1
Bb7 20. Nf3 Rae8 21. Ne5 Nb4 22. Qg3 Bd5 23. Bd2 Nc6 24. Rae1 Bxb3 25. cxb3 Qd5
26. h4 Nxe5 27. fxe5 Qxb3 {0-1 Weeramantry,S-Lein,A/USA-op Dearborn (10)/1992/
(42)}) 14. cxd3 Nxd5 $36) 13... Nxc4 $5 (13... Nxd5 14. Kh1 $5 $36 {/\Ng1-f3;
Qh4} (14. Ng3 e6) (14. Qf2 Nb6 15. Bb3 Qd6 $10) 14... Nb6 15. Bb3 a5 (15... Qd6
16. Ng1 Bd7 17. Nf3 Rac8 {/\18...Ba4} 18. a4 $36) 16. a4 Bd7 17. Bd2 $14) (
13... Nxd5 $10 {Konikowski,J}) 14. dxc4 b5 $5 (14... e6 $5 {Ftacnik} 15. Qf2 (
15. f5 exd5 16. fxg6 fxg6 17. cxd5 Rxf1+ 18. Qxf1 Bf5 $36) 15... exd5 16. Nxd4
dxc4 17. Be3 Re8 18. Rad1 Qa5 $15) 15. Qf2 (15. cxb5 Qxd5 16. Ng3 Bb7 17. Qe2
a6 $36) 15... bxc4 16. Nxd4 Qxd5 17. Be3 a5 (17... Bb7 18. f5 Rad8 19. c3 $36)
(17... Rb8 {[%csl Rb2]} 18. c3 {[%csl Yb2]}) (17... Rd8 {Ftacnik} 18. Rad1 (18.
c3) 18... Bg4 19. Rd2 c3 20. bxc3 Qxa2 21. Qh4 $13) 18. c3 Rd8 (18... Bf5 $5
19. Nxf5 (19. Rad1 Bd3) 19... Qxf5 20. Rad1 Rfd8 $10) 19. Qc2 $5 (19. Rad1 Bf5
$5 (19... Rb8 {Ftacnik} 20. Rd2 Qe4 $15) 20. Nxf5 (20. h3 h5 $5 (20... Be4 $5))
20... Qxd1 (20... Qxf5 $10) 21. Nxg7 (21. Rxd1 $2 Rxd1+) 21... Kxg7 (21... Qd5
22. Bd4 $16) 22. Bd4+ Rxd4 23. cxd4 Qd3 $13) (19. f5 {Ftacnik} Bxd4 20. Bxd4
Bxf5 $15) 19... e6 (19... Bf5 $5 20. Nxf5 Qxf5 21. Qxf5 gxf5 22. Rfd1 $14) (
19... Bb7 $5 {Konikowski,J kommt in Betracht.}) (19... Bb7 {Ftacnik} 20. f5
$132) 20. Rad1 {Dank der Unterstützung durch den vorzüglich postierten
Springer d4 kann Weiß seinen positionellen Angriff organisieren.} Qh5 {Die
Dame hat hier nichts zu suchen. Immer noch wäre} (20... Bb7 21. f5 $5 (21. Nf3
Qh5 $132 (21... Qb5 {Ftacnik} 22. Bd4 Rab8)) 21... gxf5 22. Nxf5 Qxg2+ (22...
Qe4 23. Qxe4 Bxe4 24. Nxg7 Kxg7 25. Bd4+ $14) 23. Qxg2 Bxg2 $13 24. Rxd8+ Rxd8
25. Kxg2 exf5 26. Rxf5 $14) (20... Bb7 {Konikowski,J gut.}) (20... Bb7 {
Horvath,T Hier,und auch schon fruher war der Läuferzug besser.}) 21. Nc6 $1 (
21. Rfe1 Bb7 $15) (21. Qa4 Bb7 $15) 21... Rxd1 (21... Rd7 22. Bd4 $14) 22. Rxd1
{[%csl Rd8]} Bb7 (22... Bf6 23. Bd4 Bb7 24. Bxf6 Bxc6 25. Qd2 Bd5 26. h3 $14 {
/\Qd4,Rd2,Kh2} (26. Qd4 $6 Qe2 27. Qd2)) 23. Ne7+ $1 {/\24.Rd7,Qd2} Kh8 (23...
Kf8 24. Rd7 {[%csl Rb7]} Qb5 {[%csl Yb7,Yc5]} 25. Qd2 {[%csl Rd8] /\26.Rd8} (
25. Rc7 {Ftacnik} e5 (25... Rd8 {Horvath,T} 26. a4 Qa6 27. Bc5 Ke8 28. Nxg6 $18
) 26. Bc5 Ke8 27. Ng8 $1 $16) 25... Bd5 (25... Re8 $2 26. a4 $1 $18 {[%csl Rb7,
Rc5]} Qxa4 (26... Qa6 27. Bc5) 27. Rxb7) 26. Rc7 Rd8 27. Bc5 $16) (23... Kf8 $5
{Konikowski,J ist besser.}) 24. Rd7 Qb5 25. Qd2 {[%csl Rd8] /\26.Rd8} Bd5 (
25... Re8 26. a4 (26. Rd8 $36 {Ftacnik}) 26... Qb3 27. Bd4 (27. Rd8 Qxa4 $17)
27... f6 28. f5 $1 (28. Qe1 Qxb2 29. Nxg6+ Kg8 $1 (29... hxg6 30. Qh4+ Kg8 31.
Rxg7+ Kxg7 32. Qxf6+ $18) 30. Nh4 $36) 28... e5 (28... gxf5 29. Nxf5 $1) (28...
exf5 29. Nxf5 $1 gxf5 30. Rxg7 Kxg7 31. Qg5+ $18) 29. Bc5 $36) 26. Rc7 {
[%csl Rd5] /\27.Nd5} Be4 {In Frage käme} (26... Rd8 {z.B.} 27. Nxd5 (27. Nc6
Rf8 28. Ne5 Kg8 {und Schwarz hält seine Stellung}) 27... Qxd5 28. Qxd5 (28.
Rxc4 Qxd2 29. Bxd2 h6 30. Be3 Rd1+ 31. Kf2 Rb1 {und nun scheitert} 32. Rc8+ Kh7
{an} 33. Rb8 $2 Bxc3 $1 {mit schwarzem Vorteil}) 28... exd5 29. Rxf7 $16 (29.
Rxf7 {Konikowski,J} d4 30. Bxd4 Bxd4+ 31. cxd4 Rxd4 {mit Überlebenchancen im
Turmendspiel.})) 27. Nc8 $1 {[%csl Yf7,Rd6,Rd8] /\28.Qd8; /\28.Nd6} Qd5 (27...
Bf6 28. Nd6 $18) (27... Bd5 {Ftacnik} 28. Nd6 Qa4 29. Nxf7+ Kg8 30. Bd4 $18)
28. Nd6 $16 {[%csl Rf7]} Kg8 29. Nxc4 {Aber nicht} (29. Rxf7 $2 {Konikowski,J}
Bd3 $1 30. Rd7 Qc6 31. Nxc4 Bxc4 (31... Qxd7 $2 {hält einer näheren Prüfung
nicht stand wegen} 32. Nb6 Qd6 33. Nxa8 $18) 32. Rd6 (32. Rd8+ Rxd8 33. Qxd8+
Bf8 $19) 32... Qe4 33. b3 Bd5 {und Schwarz gewinnt.}) (29. Nxf7 {Ftacnik} Bb1
30. a3 Rf8 $14) 29... Rb8 {[%csl Rb2]} 30. Qxd5 exd5 (30... Bxd5 31. Ba7 $16 (
31. Ba7 {Ftacnik} Rd8 32. Nxa5 Bxa2 33. Be3 $16)) 31. Ba7 $1 Ra8 (31... Rb5 $2
32. a4 Rb3 33. Rc8+ Bf8 34. Nxa5 Rxb2 35. Bc5 $18) (31... Rd8 {Ftacnik} 32.
Nxa5 $18) 32. Nd6 {Weiß hat einen Mehrbauern und behält die Initiative.} (32.
Nxa5 d4 $140 $1 33. cxd4 (33. Nb3 {Ftacnik} dxc3 34. bxc3 Bxc3 $16) 33... Rxa7
$1) 32... Bb1 (32... Bf8 {Ftacnik} 33. Nc8 $18 (33. Nxf7 $2 Rxa7) (33. Nxe4
dxe4 34. Be3 $16)) 33. Nxf7 (33. Rxf7 $2 {Konikowski,J} Bf8 $1) 33... Bxa2 34.
Ng5 Re8 35. Bd4 Bh6 $4 {Ein grober Schnitzer, der sofort die Partie beendet.
Unbedingt notwendig war} (35... Bxd4+ 36. cxd4 h5 37. Ra7 $16 (37. Ra7 {Ftacnik
} Re2 38. Rxa5 Rxb2 39. Ra8+ Kg7 40. Ra7+ Kg8 41. Nh7 $16)) 36. Nxh7 $18 (36.
Nxh7 {Ftacnik} Re6 37. g3 $18) 1-0

[Event "USA-CHN Summit"]
[Site "Seattle"]
[Date "2001.03.18"]
[Round "4.9"]
[White "Bhat, Vinay S"]
[Black "Bu, Xiangzhi"]
[Result "0-1"]
[WhiteElo "2415"]
[BlackElo "2558"]
[Annotator "Bangiev,A"]
[PlyCount "64"]
[EventDate "2001.03.14"]
[EventType "team"]
[EventRounds "4"]
[EventCountry "USA"]
[SourceTitle "CBM 082"]
[Source "ChessBase"]
[SourceDate "2001.05.17"]
[SourceVersion "1"]
[SourceVersionDate "2001.05.17"]
[SourceQuality "1"]
[WhiteTeam "US of America"]
[BlackTeam "China"]
[WhiteTeamCountry "USA"]
[BlackTeamCountry "CHN"]

1. e4 c5 2. Nc3 Nc6 3. f4 g6 4. Nf3 Bg7 5. Bb5 Nd4 6. O-O Nxb5 7. Nxb5 d6 8. d3
a6 9. Nc3 b5 10. Qe1 (10. e5 $5 dxe5 11. fxe5 b4 (11... Bxe5 $2 12. Nxe5 Qd4+
13. Rf2 Qxe5 14. Qf3) 12. Ne4 Qd5 13. c4 bxc3 14. Nxc3 $14) 10... Bb7 11. f5 $6
(11. a4 b4 12. Nd1 d5 $36) (11. e5 $5 Bxf3 12. Rxf3 dxe5 13. fxe5 Qd4+ 14. Be3
Qxe5 15. Qf2 Nf6 $13) 11... Nf6 $1 (11... gxf5 12. exf5 $13) 12. Qh4 Qd7 $1 {
[%mdl 256] Angesichts des Angriffs am Königsflügel bereitet Schwarz die lange
Rochade vor, was stellt in dieser Stellung die beste Verteidigung dar.} 13. Bh6
Bxh6 14. Qxh6 Rg8 (14... gxf5 15. Ng5 fxe4 16. dxe4 (16. Rae1 $5) (16. Qg7 $2
O-O-O) 16... b4 17. Nd5 Nxd5 18. Nxf7 Rg8 19. Qh5 $13) 15. Ng5 gxf5 16. Rxf5
Rg6 17. Qh4 (17. Qh3 O-O-O $1 (17... e6 18. Rf2) 18. Nxf7 (18. Re1 Rdg8) 18...
Rdg8 19. Raf1 (19. g3 e6 $19) 19... Rxg2+ 20. Qxg2 Rxg2+ 21. Kxg2 b4 22. Ne2
Qe6 $17) 17... O-O-O 18. Raf1 (18. Nxf7 Rdg8 (18... Rxg2+ $2 19. Kxg2 Qxf5 20.
Nxd8 $16) 19. g3 h6 $5 (19... Rf8 20. Ng5) 20. Raf1 Qe6 $13) 18... Rdg8 19. g3
h6 20. Nh3 (20. Nxf7 Qe6 21. e5 Ng4 22. Ne4 (22. Rh5 dxe5 $17) 22... Bxe4 23.
dxe4 Ne3 24. R1f2 $13) 20... Kb8 21. Ne2 Ka7 22. b3 Qc6 23. Nc3 c4 24. Nd5 Qc5+
25. Nf2 Nxd5 26. exd5 cxd3 27. b4 $2 (27. c4 {Dies sollte verhindern, daß der
Läufer b7 ins Spiel kommen kann.} bxc4 (27... Qe3 28. Rxf7 $14) 28. Qxc4 $132)
27... Qe3 $19 28. Rxf7 dxc2 29. Qf4 Qxf4 30. Rxf4 Bxd5 31. Rc1 Rc8 32. Ng4 e5
0-1

[Event "Linares Anibal op 08th"]
[Site "Linares"]
[Date "2001.01.08"]
[Round "1"]
[White "Minasian, Artashes"]
[Black "Abou el Zein, Eid Mahmoud"]
[Result "1-0"]
[WhiteElo "2567"]
[BlackElo "2361"]
[Annotator "Bangiev,A"]
[PlyCount "101"]
[EventDate "2001.01.08"]
[EventType "swiss"]
[EventRounds "11"]
[EventCountry "ESP"]
[SourceTitle "CBM 081"]
[Source "ChessBase"]
[SourceDate "2001.03.20"]
[SourceVersion "1"]
[SourceVersionDate "2001.03.20"]
[SourceQuality "1"]

1. e4 c5 2. Nc3 Nc6 3. f4 g6 4. Nf3 Bg7 5. Bb5 Nd4 6. O-O a6 7. Bd3 d6 8. Nxd4
cxd4 9. Ne2 Nf6 10. Kh1 O-O (10... Nd7 $142 11. b4 $5) 11. Nxd4 Nxe4 12. Bxe4
Bxd4 13. c3 {In diesem Abspiel soll der Anziehende versuchen, die schwarzen
Felder im Lager des Gegners anzugreifen.} ({Eine aus weißer Sicht gelungene
und lehrreiche Partie:} 13. Qf3 Qd7 14. f5 Bg7 15. g4 Rb8 16. d3 b5 17. Bg5
Bxb2 18. Rae1 Bf6 $2 19. Bxf6 exf6 20. Qh3 Kg7 21. g5 $1 fxg5 22. f6+ Kh8 23.
Qh6 Rg8 24. Re3 g4 (24... Bb7 25. Qxh7+ $18) 25. Rf4 {1-0 McDonald,N-McFarland,
R/London 1994.}) 13... Bg7 (13... d5 $5) 14. Qf3 Rb8 15. f5 (15. d4 f5 $5)
15... b5 16. d4 {[%cal Yc1g5,Ya1e1,Rg5e7,Rg5f6] /\Bg5, Rae1 mit Druckspiel am
Königsflügel.} gxf5 $6 {Dies ermöglicht dem Weißen einen Angriff auf der
Diagonale b1-h7 zu beginnen.} (16... b4 17. Bg5 bxc3 18. bxc3 {1-0 Minasian,
A-Arakhamia Grant,K/Luzern 1997(38)}) 17. Bxf5 e6 18. Bc2 f5 19. Bf4 $1 Kh8 20.
Rae1 {[%cal Yd4e5,Yf4e5,Ye1e5][%mdl 32] Weiss ist klar im Vorteil.} Rb6 $6 (
20... b4 $5 21. Qg3 Rb6) 21. Bb3 Bb7 22. d5 $1 (22. Qh5 Qa8 23. Rf2 $16) (22.
Qg3 $6 e5 $1) 22... e5 $6 (22... exd5 23. Bxd5 $16) 23. Be3 $16 Bc8 24. Bxb6
Qxb6 25. Qh5 Qd8 26. g4 Rf6 (26... fxg4 27. Bc2) 27. gxf5 Rh6 28. Qg4 Rh4 29.
Qg2 $18 Bh6 30. Bc2 Bf4 31. h3 Qf8 32. Rf3 Qf7 33. Rg1 Rh5 34. Be4 Rxf5 (34...
Rg5 35. Qxg5 Bxg5 36. Rxg5 $18) 35. Bxf5 Bxf5 36. Rxf4 exf4 37. Qg5 Bg6 38.
Qd8+ Kg7 39. Qxd6 f3 40. Qe5+ Kg8 41. Qe6 Qxe6 42. dxe6 Kf8 43. Kh2 Ke7 44. Kg3
Bf5 45. h4 Be4 46. Re1 Bd5 47. a4 bxa4 48. Re5 Bb7 49. Ra5 Kxe6 50. Rxa4 h6 51.
Rb4 1-0

[Event "Capablanca Memorial Elite 31st"]
[Site "Cienfuegos"]
[Date "1996.??.??"]
[Round "13"]
[White "Becerra Rivero, Julio"]
[Black "Rodriguez Cespedes, Amador"]
[Result "1-0"]
[WhiteElo "2530"]
[BlackElo "2485"]
[Annotator "Bangiev,A"]
[PlyCount "51"]
[EventDate "1996.05.??"]
[EventType "tourn"]
[EventRounds "13"]
[EventCountry "CUB"]
[EventCategory "12"]
[SourceTitle "CBM 054"]
[Source "ChessBase"]
[SourceDate "1996.10.01"]
[SourceVersion "1"]
[SourceVersionDate "1996.10.01"]
[SourceQuality "1"]

1. e4 c5 2. Nc3 d6 3. f4 Nc6 4. Nf3 g6 5. Bc4 Bg7 6. O-O e6 7. d3 Nge7 8. Qe1
Nd4 $6 9. Nxd4 cxd4 10. Ne2 {[%csl Yd4]} O-O {/\d5} 11. Bb3 Nc6 (11... Kh8 $5
12. Qf2 (12. Qg3 f5 $5) 12... e5 13. Bd2 (13. fxe5 $5 dxe5 14. Bxf7 Be6 15.
Bxe6 Rxf2 16. Rxf2 $13) 13... f5 $5 $132) 12. Bd2 $5 {[%csl Ya5,Yb4,Yc3] Es
ist lehrreich zu betrachten, welche Rolle der Läufer auf d2 spielt. Er
kontrolliert die Diagonale e1-a5, verhindert den Springerzug Na5 und
unterstützt den Vorstoß a2-a4-a5, um am Damenflügel mehr Raum zu schaffen.} Bd7
$6 (12... Kh8 $5 13. a4 (13. Ng3) 13... f5 14. Ng3 (14. exf5 gxf5 $5 {/\Qf6,b6,
Bb7,Rg8 ->g2} 15. Ng3 Qh4) 14... fxe4 $140 15. Nxe4 $36) (12... f5 $6 13. exf5
gxf5 {/\Qf6-g6} 14. Ng3 $5 {[%csl Re6]} Qe8 (14... Rf6 15. Nh5 $16) (14... Qf6
15. Nh5 Qg6 16. Nxg7 Kxg7 17. Rf3 Kh8 18. Bb4 $16) (14... Kh8 $5 15. Nh5 Bh6
16. Qf2 $14) 15. Qe2 Qg6 16. Rae1 Re8 $14) (12... d5 $6 13. e5 $1 f6 14. exf6
Bxf6 15. Kh1 $1 {Eine typische Idee für derartige Stellungen: /\ Qf2,
Ne2-g1-f3xd4, x Bc8,e5,Pd4} a5 16. a4 Qd6 17. Ng1 Bd7 18. Nf3 $14 {1-0 Short,
N-Gelfand,B (03)/Brussels cqf1 1991 (31)}) (12... a5 $142 13. a4 Qb6) 13. a4 (
13. Kh1 Kh8 14. Ng1 b5 15. Nf3 h6 16. f5 g5 17. Qg3 exf5 18. Nxg5 Ne5 19. exf5
Bc6 20. Qh3 Qf6 21. Ne4 $16 {1-0 Szczygiel,A-Blimke,D/POL-chJW U20 (02) 1994 
(41)}) (13. g4 Rc8 14. Rf3 f5 15. gxf5 gxf5 16. exf5 Rxf5 17. Rh3 Kh8 18. Ng3
Rf6 $13 {1-0 Rehm,M-Krause,P/OLWuert 8687 1987 (30)}) 13... Qe7 (13... a5 14.
Ng3 $14) 14. Ng3 {[%csl Yf5] /\15.f5} Qh4 $6 {Ein origineller, doch etwas
zweischneidiger Plan. Schwarz ist bestrebt im Fall von 15.f5, die schwarzen
Felder zu blokieren und unter Nutzung der Diagonale e5-h2 aktives Spiel
einzuleiten. Aber die Schwächung auf d6 spielt nun eine negative Rolle.} (14...
a5 15. f5 $5 (15. Bc4 $5) (15. Qf2 Qh4 $5) 15... Qh4 (15... b6 16. Qf2) 16. Bf4
$14) (14... b6 15. f5 $5 $36) 15. Bb4 $1 {[%csl Rd6]} (15. f5 Be5 $5) (15. a5
$5) 15... Nxb4 (15... Qe7 $2 16. e5 $16) 16. Qxb4 $16 {[%csl Rb7,Rd6]} Rfd8 (
16... Bc6 17. Qxd6) 17. Qxb7 a5 (17... Qe7 {/\18...Rdb8} 18. Qa6 $16) 18. Rae1
$6 (18. Qb6 $1) 18... Bh6 (18... Qe7 {/\18...Rdb8} 19. e5 Rdb8 20. Qe4) 19. Qb6
{[%csl Rd4,Rd6]} (19. Ne2 $5 $16) 19... Bxf4 20. Qxd4 e5 $6 (20... Bxg3 21.
hxg3 Qxg3 22. Re3 (22. Qf6 Rf8 23. d4 Rab8 $14) 22... Qe5 23. Qxe5 dxe5 24.
Ref3 Be8 $14) 21. Qxd6 Bxa4 22. Bxf7+ $5 (22. Qa3 $142 Bxb3 23. Qxb3 $16) 22...
Kh8 (22... Kxf7 23. Qxe5 g5 24. Ra1 $16) 23. Qa3 $6 (23. Qe6 $1 {[%csl Ye5,Yf6]
} Bxc2 $140 $2 (23... Bd7 $142 24. Qb6 $16) 24. Rxf4 $1 {[%csl Re5]} Qxf4 25.
Nf5 $1 $18 {[%csl Rf6]}) 23... Bxc2 24. Bd5 $14 Rab8 $6 (24... Rac8 $1 {
/\25...a4}) 25. d4 $5 {[%csl Gg3,Re5]} exd4 $4 (25... a4 $5 26. Qc3 (26. dxe5
$6 Bxe5 $36) 26... Rbc8 $13) (25... Rbc8 26. Be6 $16) 26. Qc5 $18 {[%csl Rc2,
Rd4]} 1-0

[Event "POL-ch 58th"]
[Site "Warsaw"]
[Date "2001.03.18"]
[Round "1"]
[White "Gdanski, Jacek"]
[Black "Kuczynski, Robert"]
[Result "1/2-1/2"]
[WhiteElo "2543"]
[BlackElo "2499"]
[Annotator "Bangiev,A"]
[PlyCount "85"]
[EventDate "2001.03.18"]
[EventType "tourn"]
[EventRounds "13"]
[EventCountry "POL"]
[EventCategory "11"]
[SourceTitle "CBM 082"]
[Source "ChessBase"]
[SourceDate "2001.05.17"]
[SourceVersion "1"]
[SourceVersionDate "2001.05.17"]
[SourceQuality "1"]

1. e4 c5 2. Nc3 d6 3. f4 g6 4. Nf3 Bg7 5. Bc4 Nc6 6. O-O e6 7. d3 Nge7 8. Qe1
h6 9. Bd2 a6 10. a4 b6 (10... Nd4 11. Nxd4 cxd4 12. Ne2 d5 13. Bb3 dxe4 14.
dxe4 d3 15. Ng3 dxc2 16. e5 Qb6+ 17. Qe3 Qxe3+ 18. Bxe3 Nf5 19. Nxf5 gxf5 20.
Rac1 $16 {1-0 Delchev,A-Kuczynski,R/Pula 1998/(48)}) 11. Kh1 (11. Qg3 Nd4 12.
Nxd4 cxd4 13. Ne2 O-O 14. Bb3 Kh7 15. Qf2 Nc6 16. f5 exf5 17. Bd5 Qc7 18. exf5
Bxf5 19. Bxc6 Qxc6 20. Nxd4 Bxd4 21. Qxd4 Qc5 {1/2-1/2 Keskisarja,T-Rytshagov,
M/Tampere 1996/(21)}) 11... O-O 12. f5 {[%mdl 512] Ein typisches Verfahren in
derartigen Stellungen. Weiß versucht damit den geschwächten Königsflügel des
Nachziehenden anzugreifen.} gxf5 (12... d5 13. Qh4 (13. f6 Bxf6 14. Bxh6 dxc4
15. Bxf8 Qxf8) 13... g5 (13... gxf5) 14. Bxg5 dxc4 15. f6 (15. Bxh6 Nxf5 $1)
15... Ng6 16. Qh5 (16. fxg7 Nxh4 17. Bxh4 cxd3 18. Bxd8 Rxd8 19. cxd3 Kxg7 $17)
16... Bxf6 17. Bxh6 Re8 (17... cxd3 18. Bxf8 Qxf8 19. cxd3) 18. dxc4 $13) 13.
Qh4 (13. Qg3 $5 Kh7 14. Bg5 $5 (14. Qh4 Nd4) 14... Nd4 $1 (14... hxg5 15. Nxg5+
Kg8 16. Qh4 Re8 17. exf5 Nxf5 18. Rxf5 exf5 19. Bxf7+ Kf8 20. Bd5) 15. Nxd4 (
15. Qh4 f6 16. Bd2 d5 17. exd5 exd5 18. Bb3 Ng6 $17) 15... cxd4 16. Bxe7 Qxe7
17. Ne2 fxe4 18. dxe4 Bb7 19. Bd3 e5 20. c3 $44) 13... d5 $1 14. exd5 (14. Ba2
$5 d4 15. Ne2 Ng6 16. Qh5 fxe4 17. dxe4 d3 (17... Nb4 18. Bxh6) 18. cxd3 Qxd3
19. Rae1) 14... Nxd5 15. Bxd5 exd5 16. Qg3 Kh7 17. Ne2 {[%mdl 512] Das
Bauernopfer dies die Aufstellung der weißen Figuren verbessern sollte.} Rg8 (
17... Bxb2 18. Rab1 Bg7 19. Nf4) 18. Qh3 Bf8 19. Qh5 Ra7 20. Nh4 Qf6 21. Nxf5
Qg6 22. Nfg3 $14 Bg4 23. Qxd5 Rd7 24. Qe4 Qxe4 25. Nxe4 Bg7 26. N2g3 Nd4 27. h3
$6 (27. Nf6+ Bxf6 28. Rxf6 Rg6 29. Rxg6 Kxg6 30. Rc1 $16) 27... f5 28. Nxc5
bxc5 29. hxg4 Nxc2 30. Rac1 Rxd3 31. Rxc2 Rxg3 32. gxf5 Bd4 33. Bc3 Bxc3 34.
bxc3 R3g4 35. Re2 Rh4+ 36. Kg1 Rxa4 37. Re7+ Rg7 38. Rfe1 Rxe7 39. Rxe7+ Kg8
40. Ra7 Rf4 41. Rxa6 Kg7 42. Ra7+ Kg8 43. Ra6 1/2-1/2